Strategy = execution /

Bibliographic Details
Main Author: Pijl, Jacques, (Author)
Other Authors: Hoyinck, Mischa, (Translator), Chesal, Robert, (Translator)
Format: eBook
Language:English
Published: [Place of publication not identified] : Management Impact, [2020]
Subjects:
Online Access:Click to View
LEADER 01608nam a2200397 i 4500
001 EBC6181737
003 MiAaPQ
005 20200807164249.0
006 m o d |
007 cr cnu||||||||
008 200807s2020 xx a o 000 0 eng d
020 |z 9789462763166 
020 |a 9789462763531 (e-book) 
035 |a (MiAaPQ)EBC6181737 
035 |a (Au-PeEL)EBL6181737 
035 |a (OCoLC)1153081943 
040 |a MiAaPQ  |b eng  |e rda  |e pn  |c MiAaPQ  |d MiAaPQ 
050 4 |a HD57.7  |b .P555 2020 
082 0 |a 658.4092  |2 23 
100 1 |a Pijl, Jacques,  |e author. 
245 1 0 |a Strategy = execution /  |c Jacques Pijl ; translated by Mischa Hoyinck and Robert Chesal. 
264 1 |a [Place of publication not identified] :  |b Management Impact,  |c [2020] 
264 4 |c 2020 
300 |a 1 online resource (316 pages) :  |b illustrations 
336 |a text  |b txt  |2 rdacontent 
337 |a computer  |b c  |2 rdamedia 
338 |a online resource  |b cr  |2 rdacarrier 
588 |a Description based on print version record. 
590 |a Electronic reproduction. Ann Arbor, MI : ProQuest, 2018. Available via World Wide Web. Access may be limited to ProQuest affiliated libraries. 
650 0 |a Leadership. 
655 4 |a Electronic books. 
700 1 |a Hoyinck, Mischa,  |e translator. 
700 1 |a Chesal, Robert,  |e translator. 
776 0 8 |i Print version:  |a Pijl, Jacques.  |t Strategy = execution.  |d [Place of publication not identified] : Management Impact, c2020   |h 316 pages   |z 9789462763166 
797 2 |a ProQuest (Firm) 
856 4 0 |u https://ebookcentral.proquest.com/lib/matrademy/detail.action?docID=6181737  |z Click to View